Vista normal
Vista MARC
Entrada Personal Name
Número de registros utilizados en: 1
001 - CONTROL NUMBER
- control field: 10749
003 - CONTROL NUMBER IDENTIFIER
- control field: DLC
005 - DATE AND TIME OF LATEST TRANSACTION
- control field: 20200312104749.0
008 - FIXED-LENGTH DATA ELEMENTS
- fixed length control field: 931101n| acannaabn |a aaa
010 ## - LIBRARY OF CONGRESS CONTROL NUMBER
- LC control number: n 93107134
035 ## - SYSTEM CONTROL NUMBER
- System control number: (OCoLC)oca03488456
040 ## - CATALOGING SOURCE
- Original cataloging agency: DLC
- Language of cataloging: spa
- Transcribing agency: Mx-PuUPA
- Modifying agency: DLC
- Modifying agency: OCoLC
- Modifying agency: DLC
- Modifying agency: Mx-PuUPA
- Description conventions: rda
053 #0 - LC CLASSIFICATION NUMBER
- Classification number element--single number or beginning number of span: PQ9469.2.C4
100 1# - HEADING--PERSONAL NAME
- Personal name: Cermeño, Xosé,
- Dates associated with a name: 1959-
374 ## - OCCUPATION
- Occupation: Autor
375 ## - GENDER
- Gender: hombre
377 ## - ASSOCIATED LANGUAGE
- Language code: spa
400 1# - SEE FROM TRACING--PERSONAL NAME
- Personal name: Cermeño Baraja, Xosé,
- Dates associated with a name: 1959-
400 1# - SEE FROM TRACING--PERSONAL NAME
- Personal name: Baraja, Xosé Cermeño,
- Dates associated with a name: 1959-
670 ## - SOURCE DATA FOUND
- Source citation: Historia de Abaddón, c1991:
- Information found: t.p. (Xosé Cermeño) p. 4 of cover (b. A Coruña, 1959)
670 ## - SOURCE DATA FOUND
- Source citation: Os nervios da cabeza, c1994:
- Information found: t.p. (Xosé Cermeño) p. facing t.p. (Xosé Cermeño Baraja)
670 ## - SOURCE DATA FOUND
- Source citation: Paula, e as palabras que levou o vento, 1994?:
- Information found: t.p. (Xosé Carlos Cermeño) p. 61 (Xosé Cermeño)
670 ## - SOURCE DATA FOUND
- Source citation: ¡Mi tía es verde!, 2006:
- Information found: t.p. (Xosé Cermeño) de portada
670 ## - SOURCE DATA FOUND
- Source citation: Biblioteca del congreso (Estados Unidos), 12 marzo 2020:
- Information found: . Catálogo electrónico
- Uniform Resource Identifier: http://bit.ly/3aJInNE